LEADER 01346nam a2200301 a 4500 001 000000127919 003 CaOOAMICUS 005 20120309121151.0 008 120309s2011 it u000 u ita r 020 $a978-88-348-2607-2 040 $aPUL$bita 082 04$a344.4504 100 1 $aAmato, Salvatore.$0(OLS)http://pul/name/8061 245 10$aEutanasie :$bil diritto di fronte alla fine della vita /$cSalvatore Amato. 260 $aTorino :$bGiappichelli,$cİ2011. 300 $aXIV, 191 p. ;$c23 cm 490 1 $aRecta Ratio : testi e studi di filosofia del diritto. Sesta serie ;$v111 504 $aBibliografia in nota. 650 4$aEutanasia$xAspetti giuridici.$0(OLS)http://pul/subject/33668 830 0$aRecta Ratio : testi e studi di filosofia del diritto.$nSesta serie ;$v111.$0(OLS)http://pul/title/151015 850 $aPUL 852 $aPUL$W1$xSL Diritto e Scienze Sociali 3$y79$m340. 01 COLL 1.111$j148066$qDDC 21$B146661$CPULBib$Z2$F146661 $H118982 $82 941 1 $a9 996 $6020$a978-88-348-2607-2$9(OLS)http://pul/number/149104 996 $6082$a344.4504$9(OLS)http://pul/classification/2040 996 $6245$aEutanasie :$bil diritto di fronte alla fine della vita$9(OLS)http://pul/title/161657 996 $6260$aTorino :$bGiappichelli$9(OLS)http://pul/publisher/48244 LEADER 01589nam a2200337 a 4500 001 000000128314 003 CaOOAMICUS 005 20220516172827.0 008 120403m20129999it u000 u ita r 032 $aLibriCat 040 $aPUL$bita 041 1 $aita$heng 082 04$a940.53 130 0 $aHolocaust encyclopedia.$lItaliano.$0(OLS)http://pul/title/103232 245 10$aDizionario dell'Olocausto /$ca cura di Walter Laqueur in collaborazione con Judith Tydor Baumel ; edizione italiana a cura di Alberto Cavaglion ; introduzione di Gad Lerner. 260 $aRoma :$bGruppo editoriale l'Espresso,$cİ2012. 300 $av. ;$c25 cm 500 $aEd. speciale per il Gruppo Editoriale L'Espresso S.p.A., pubblicato su licenza di G. Einaudi editore S.p.A. 505 1 $aV. 1. A-L. 650 4$aOlocausto$xEnciclopedie.$0(OLS)http://pul/subject/27433 700 1 $aLaqueur, Walter.$0(OLS)http://pul/name/32472 700 1 $aCavaglion, Alberto,$d1956-$0(OLS)http://pul/name/25115 700 1 $aLerner, Gad,$d1954-$0(OLS)http://pul/name/81988 700 1 $aBaumel-Schwartz, Judith Tydor,$d1959-$0(OLS)http://pul/name/81989 850 $aPUL 852 $aPUL$W1$xSL Cons. Gen., Altre Classi 3$y75$m940. 53 DIZ 2.1$j148551$av. 1$qDDC 21$B147102$CPULBib$Z2$F147102 $H119267 $82 941 1 $a9 996 $6082$a940.53$9(OLS)http://pul/classification/1998 996 $6245$aDizionario dell'Olocausto$9(OLS)http://pul/title/103233 996 $6260$aRoma :$bGruppo editoriale l'Espresso$9(OLS)http://pul/publisher/79104